[Event "LI Festival A"]
[Site "Imperia ITA"]
[Date "2009.09.04"]
[Round "7"]
[White "Dolezal, Radoslav jr"]
[Black "Sarno, Spartaco"]
[WhiteElo "2396"]
[BlackElo "2324"]
[Result "1/2-1/2"]
[PlyCount "110"]
[EventDate "2009.08.30"]

1. d4 Nf6 2. c4 g6 3. g3 Bg7 4. Bg2 O-O 5. Nc3 d6 6. e3 e5 7. Nge2 Nc6 8. O-O
Re8 9. h3 h5 10. d5 Na5 11. b3 e4 12. Ba3 Nh7 13. Nxe4 Rxe4 14. Bxe4 Bxh3 15.
Bg2 Bxg2 16. Kxg2 Bxa1 17. Qxa1 Qe7 18. Qc3 b6 19. Bb2 f6 20. Nf4 Kg7 21. Ne6+
Kf7 22. f3 Nb7 23. Nd4 Re8 24. e4 Nd8 25. Rh1 Ng5 26. Rh4 Rf8 27. Nb5 Kg7 28.
Nxa7 Ngf7 29. Nc8 Qe5 30. Qxe5 Nxe5 31. Na7 Ndf7 32. Nb5 Ra8 33. a4 c6 34. dxc6
Nxc6 35. Nc7 Rc8 36. Ne6+ Kg8 37. Bxf6 Nfe5 38. f4 Kf7 39. Bxe5 dxe5 40. Ng5+
Kf6 41. Rh1 Rd8 42. Nf3 Rd3 43. c5 Rxb3 44. cxb6 Rxb6 45. Rc1 exf4 46. gxf4 Nd8
47. Rc4 Ne6 48. e5+ Kf5 49. Nh4+ Kg4 50. Nxg6 Ng7 51. Ne7 Rb2+ 52. Kf1 Nf5 53.
Nxf5 Kxf5 54. Ke1 Ra2 55. Kd1 h4 1/2-1/2

[Event "LI Festival A"]
[Site "Imperia ITA"]
[Date "2009.09.04"]
[Round "7"]
[White "Fattorelli, Luciano"]
[Black "Van Hoolandt, Patrick"]
[WhiteElo "2030"]
[BlackElo "2233"]
[Result "0-1"]
[PlyCount "40"]
[EventDate "2009.08.30"]

1. Nf3 Nf6 2. c4 e6 3. e3 d5 4. b3 b6 5. cxd5 exd5 6. Bb5+ c6 7. Be2 Bd6 8. Bb2
Qe7 9. O-O O-O 10. Qc2 Bg4 11. d3 Rc8 12. Re1 Nbd7 13. Nbd2 a5 14. Nd4 Bxe2 15.
Nf5 Qe6 16. Nxd6 Bxd3 17. Qxd3 Qxd6 18. e4 Re8 19. Nc4 Qe6 20. Bxf6 dxc4 0-1

[Event "LI Festival A"]
[Site "Imperia ITA"]
[Date "2009.09.04"]
[Round "7"]
[White "Garbarino, Xavier"]
[Black "Pepino, Enrico"]
[WhiteElo "2251"]
[BlackElo "2110"]
[Result "1/2-1/2"]
[PlyCount "32"]
[EventDate "2009.08.30"]

1. d4 Nf6 2. Nf3 g6 3. Nc3 Bg7 4. e4 d6 5. h3 O-O 6. Be3 Nc6 7. Bc4 e5 8. dxe5
Nxe5 9. Nxe5 dxe5 10. O-O c6 11. a4 Qe7 12. Qe2 Nh5 13. Rfd1 Nf4 14. Bxf4 exf4
15. Qf3 Be5 16. Ne2 Qh4 1/2-1/2

[Event "LI Festival A"]
[Site "Imperia ITA"]
[Date "2009.09.04"]
[Round "7"]
[White "Gioseffi, Massimiliano"]
[Black "Friedrich, Norbert"]
[WhiteElo "2110"]
[BlackElo "2350"]
[Result "1/2-1/2"]
[PlyCount "48"]
[EventDate "2009.08.30"]

1. d4 d5 2. c4 c6 3. Nf3 Nf6 4. Nc3 e6 5. e3 Nbd7 6. Qc2 Bd6 7. Bd3 O-O 8. O-O
dxc4 9. Bxc4 b5 10. Be2 Bb7 11. Rd1 Rb8 12. a3 Rc8 13. b4 a5 14. Rb1 axb4 15.
axb4 Nd5 16. Nxd5 cxd5 17. Qb3 Ra8 18. Bd2 Nb6 19. h3 Ra4 20. Ne1 Qa8 21. Nd3
Ra3 22. Qb2 Ra2 23. Qb3 Ra3 24. Qb2 Ra2 1/2-1/2

[Event "LI Festival A"]
[Site "Imperia ITA"]
[Date "2009.09.04"]
[Round "7"]
[White "Gras, Guillaume"]
[Black "Ricci, Marco"]
[WhiteElo "2053"]
[BlackElo "2128"]
[Result "1/2-1/2"]
[PlyCount "102"]
[EventDate "2009.08.30"]

1. e4 e6 2. b3 d5 3. Bb2 c5 4. exd5 exd5 5. Bb5+ Bd7 6. Qe2+ Qe7 7. Nc3 Nf6 8.
Bxd7+ Nbxd7 9. Nb5 Qxe2+ 10. Nxe2 Kd8 11. d4 a6 12. Nbc3 Kc7 13. dxc5 Nxc5 14.
O-O-O Rd8 15. Nf4 Kc6 16. f3 Ne6 17. Nce2 Bc5 18. Kb1 Nxf4 19. Nxf4 Rhe8 20.
Rhe1 Rxe1 21. Rxe1 Re8 22. Rd1 Bd6 23. Bxf6 Bxf4 24. Bxg7 Rg8 25. g3 Rxg7 26.
gxf4 Rg2 27. Rh1 Kc5 28. h4 h5 29. Re1 f6 30. Re6 Rh2 31. Rxf6 Rxh4 32. Kb2 b5
33. f5 Rf4 34. Rxa6 Rxf3 35. f6 h4 36. a4 h3 37. f7 bxa4 38. Rxa4 Rxf7 39. Rh4
Rf3 40. b4+ Kb5 41. Rh5 Kxb4 42. Rxd5 h2 43. Rh5 Rf2 44. Rh4+ Kc5 45. Kb3 Kd5
46. c3 Ke5 47. c4 Kf5 48. Kb4 Kg5 49. Rh8 Kg4 50. c5 Kg3 51. Kb5 Rf4 1/2-1/2

[Event "LI Festival A"]
[Site "Imperia ITA"]
[Date "2009.09.04"]
[Round "7"]
[White "Holecek, Vladimir"]
[Black "Mitura, Karel"]
[WhiteElo "2073"]
[BlackElo "2017"]
[Result "0-1"]
[PlyCount "78"]
[EventDate "2009.08.30"]

1. d4 Nf6 2. c4 g6 3. Nc3 Bg7 4. e4 d6 5. Be2 O-O 6. f4 c5 7. d5 a6 8. Nf3 b5
9. e5 dxe5 10. fxe5 Ng4 11. cxb5 Nxe5 12. O-O Nbd7 13. Bf4 axb5 14. Bxb5 Qb6
15. Nxe5 Nxe5 16. Kh1 Ba6 17. Qe2 Bxb5 18. Nxb5 Nd7 19. a4 Nf6 20. Rfd1 Qb7 21.
Nc3 Rfd8 22. d6 exd6 23. Bxd6 Qc6 24. Bg3 Nh5 25. Bf2 Rxd1+ 26. Qxd1 Nf4 27.
Qf3 Qxf3 28. gxf3 Nd3 29. Bg1 Nxb2 30. Ne4 Nxa4 31. Rc1 Rc8 32. Nxc5 Nxc5 33.
Rxc5 Rxc5 34. Bxc5 f5 35. Kg2 Kf7 36. h3 Ke6 37. Bb4 Be5 38. Bd2 f4 39. Be1 g5
0-1

[Event "LI Festival A"]
[Site "Imperia ITA"]
[Date "2009.09.04"]
[Round "7"]
[White "Jurek, Josef"]
[Black "Del Dotto, Riccardo"]
[WhiteElo "2353"]
[BlackElo "2175"]
[Result "1-0"]
[PlyCount "81"]
[EventDate "2009.08.30"]

1. Nf3 d5 2. g3 Nf6 3. Bg2 Bf5 4. O-O e6 5. d3 h6 6. Nbd2 Be7 7. b3 O-O 8. Bb2
c5 9. c4 Nc6 10. cxd5 exd5 11. d4 Ne4 12. dxc5 Bxc5 13. Nxe4 dxe4 14. Ne5 Nxe5
15. Bxe5 Qe7 16. Qd5 Rad8 17. Bd6 Bxd6 18. Qxf5 Rfe8 19. Rad1 g6 20. Qb5 Bc5
21. e3 b6 22. Qc4 Rxd1 23. Rxd1 Qe6 24. Qa6 Qe7 25. Bf1 Qg5 26. Qxa7 Bxe3 27.
Qd7 Bxf2+ 28. Kxf2 Re7 29. Qd8+ Kh7 30. Kg2 Qg4 31. Kg1 Qf3 32. Bg2 Qe3+ 33.
Kh1 Ra7 34. Qd5 Re7 35. Rf1 Kg7 36. Qd6 Re6 37. Qc7 Rf6 38. Qe5 Qg5 39. Qxf6+
Qxf6 40. Rxf6 Kxf6 41. Bxe4 1-0

[Event "LI Festival A"]
[Site "Imperia ITA"]
[Date "2009.09.04"]
[Round "7"]
[White "Krouzel, Jaroslav"]
[Black "Vuelban, Virgilio"]
[WhiteElo "2202"]
[BlackElo "2404"]
[Result "0-1"]
[PlyCount "92"]
[EventDate "2009.08.30"]

1. d4 Nf6 2. c4 g6 3. Nc3 Bg7 4. e4 d6 5. Be2 O-O 6. Bg5 Na6 7. Nf3 c6 8. O-O
Nc7 9. Qc2 Ne6 10. Bh4 Nh5 11. Rfd1 Nef4 12. Bf1 Qc7 13. Ne2 Bg4 14. Ne1 e5 15.
f3 Bc8 16. dxe5 dxe5 17. Bf2 Qe7 18. Nd3 Ne6 19. g4 Nhf4 20. Ndxf4 exf4 21. Bg2
f5 22. exf5 gxf5 23. gxf5 Ng5 24. Nd4 c5 25. Ne6 Nxe6 26. fxe6 Bxe6 27. Re1 b6
28. Qe4 Rae8 29. Re2 Qg5 30. h4 Qd8 31. Rae1 Qf6 32. Qc6 Bf7 33. Qa4 Rxe2 34.
Rxe2 Rd8 35. Qc2 Bg6 36. Qa4 a5 37. a3 Bf7 38. Qb5 Qd6 39. b4 axb4 40. axb4 Bd4
41. bxc5 bxc5 42. Bf1 Rb8 43. Qa5 Bxc4 44. Bxd4 Qxd4+ 45. Rf2 Bxf1 46. Kxf1
Rb1+ 0-1

[Event "LI Festival A"]
[Site "Imperia ITA"]
[Date "2009.09.04"]
[Round "7"]
[White "Malano, Francesco"]
[Black "Singeisen, Hermann"]
[WhiteElo "1900"]
[BlackElo "2116"]
[Result "1/2-1/2"]
[PlyCount "30"]
[EventDate "2009.08.30"]

1. f4 d5 2. e3 Nf6 3. Nf3 g6 4. b3 Bg7 5. Bb2 Nc6 6. Bb5 Bd7 7. Bxc6 Bxc6 8.
O-O O-O 9. d3 Bd7 10. Qe2 Bg4 11. Nbd2 e6 12. h3 Bxf3 13. Nxf3 c6 14. a4 Re8
15. Kh2 Nd7 1/2-1/2

[Event "LI Festival A"]
[Site "Imperia ITA"]
[Date "2009.09.04"]
[Round "7"]
[White "Mercandelli, Claudio"]
[Black "Tomassoni, Leonardo"]
[WhiteElo "1914"]
[BlackElo "1951"]
[Result "1/2-1/2"]
[PlyCount "62"]
[EventDate "2009.08.30"]

1. Nf3 Nf6 2. c4 e6 3. g3 b6 4. Bg2 Bb7 5. O-O Be7 6. b3 c5 7. Bb2 O-O 8. Nc3
d5 9. cxd5 Nxd5 10. Nxd5 Bxd5 11. d4 Bf6 12. Qd2 cxd4 13. Bxd4 Nc6 14. Bxf6
Qxf6 15. Rac1 Rac8 16. Rfd1 h6 17. Ne1 Rfd8 18. Bxd5 Rxd5 19. Qc2 Rc5 20. Qb1
Nd4 21. Rxc5 Rxc5 22. Qe4 Rd5 23. Rc1 Qd8 24. Nf3 Nxf3+ 25. Qxf3 Rd2 26. Qb7
Rd1+ 27. Rxd1 Qxd1+ 28. Kg2 Qxe2 29. Qxa7 Qe4+ 30. Kg1 Qe1+ 31. Kg2 Qe4+
1/2-1/2

[Event "LI Festival A"]
[Site "Imperia ITA"]
[Date "2009.09.04"]
[Round "7"]
[White "Mitura, Vaclav"]
[Black "Mozny, Milos"]
[WhiteElo "2194"]
[BlackElo "2370"]
[Result "1/2-1/2"]
[PlyCount "27"]
[EventDate "2009.08.30"]

1. d4 d5 2. Nf3 e6 3. c4 c5 4. cxd5 exd5 5. Nc3 Nc6 6. g3 Nf6 7. Bg2 c4 8. O-O
Be7 9. Ne5 O-O 10. Bg5 Be6 11. f4 Nxe5 12. fxe5 Ng4 13. Bxe7 Qxe7 14. Qd2
1/2-1/2

[Event "LI Festival A"]
[Site "Imperia ITA"]
[Date "2009.09.04"]
[Round "7"]
[White "Miturova, Magdalena"]
[Black "Mela, Riccardo"]
[WhiteElo "1971"]
[BlackElo "2029"]
[Result "1-0"]
[PlyCount "77"]
[EventDate "2009.08.30"]

1. e4 c5 2. Nf3 e6 3. d4 cxd4 4. Nxd4 a6 5. Nc3 Qc7 6. Bd3 Nc6 7. Nxc6 dxc6 8.
O-O Bc5 9. Qg4 g6 10. Qe2 e5 11. Na4 Bd6 12. Be3 c5 13. Nc3 Be6 14. Bc4 O-O-O
15. Bxe6+ fxe6 16. Qc4 Qe7 17. a4 Kb8 18. a5 h6 19. Na4 Rc8 20. Ra3 Nf6 21. Rc3
Nd7 22. Rd1 Rc6 23. Qe2 Rhc8 24. Rc4 h5 25. Rd3 Nf6 26. Bg5 Qg7 27. Qd2 Ne8 28.
Nb6 R8c7 29. Bd8 Rf7 30. b4 Bc7 31. Nd7+ Ka7 32. Bxc7 Nxc7 33. Nxc5 Nb5 34. Qe3
Nd4 35. c3 Nc2 36. Qc1 Rxc5 37. Rxc5 Na3 38. Qxa3 Rd7 39. c4 1-0

[Event "LI Festival A"]
[Site "Imperia ITA"]
[Date "2009.09.04"]
[Round "7"]
[White "Morselli, Stefano"]
[Black "Ornati, Gianmaria"]
[WhiteElo "1921"]
[BlackElo "1906"]
[Result "1-0"]
[PlyCount "45"]
[EventDate "2009.08.30"]

1. Nf3 Nf6 2. g3 g6 3. Bg2 Bg7 4. d3 O-O 5. e4 d6 6. O-O c5 7. Re1 Qc7 8. Nbd2
Nc6 9. a4 Nd4 10. c3 Nc6 11. Nc4 Nd7 12. Be3 b6 13. Qd2 Rd8 14. d4 cxd4 15.
cxd4 Bb7 16. Rac1 Rac8 17. d5 Ncb8 18. Nxb6 Nc5 19. Nxc8 Qxc8 20. b4 Nb3 21.
Rxc8 Nxd2 22. Rxd8+ Bf8 23. Bh6 1-0

[Event "LI Festival A"]
[Site "Imperia ITA"]
[Date "2009.09.04"]
[Round "7"]
[White "Movsziszian, Karen"]
[Black "Salvador, Roland"]
[WhiteElo "2570"]
[BlackElo "2447"]
[Result "1-0"]
[PlyCount "120"]
[EventDate "2009.08.30"]

1. g3 d5 2. Bg2 Nf6 3. d3 c5 4. Nf3 Nc6 5. O-O e6 6. Nbd2 Be7 7. e4 Qc7 8. Re1
b6 9. a3 O-O 10. e5 Nd7 11. Qe2 Bb7 12. h4 Rae8 13. Bh3 f5 14. exf6 Bxf6 15.
Bxe6+ Kh8 16. Qd1 Qd6 17. Bh3 c4 18. Rxe8 Rxe8 19. Nf1 cxd3 20. cxd3 Nde5 21.
Bf4 Nxf3+ 22. Qxf3 Nd4 23. Qd1 Qd8 24. Be3 Bc8 25. Bg2 Nf5 26. d4 Ba6 27. Qd2
Qe7 28. Rc1 Bxf1 29. Kxf1 h6 30. Bf4 Nxd4 31. Re1 Qxe1+ 32. Qxe1 Rxe1+ 33. Kxe1
Ne6 34. Bb8 Bxb2 35. Bxd5 Nc5 36. Bxa7 Bxa3 37. Bxb6 Nd7 38. Bc7 Bb2 39. Ke2 g6
40. Be6 Nf8 41. Bc8 Kg7 42. Ke3 g5 43. h5 Kf6 44. Ke4 Ne6 45. Bd6 Bc3 46. Bxe6
Kxe6 47. Bf8 Be1 48. Bg7 Bxf2 49. Kf3 Bc5 50. Kg4 Be3 51. Bxh6 Kf6 52. Bf8 Bd2
53. Bc5 Kg7 54. Kf5 Kh6 55. g4 Bc1 56. Bd4 Bd2 57. Ke4 Bc1 58. Be3 Ba3 59. Kf5
Be7 60. Bd2 Bd8 1-0

[Event "LI Festival A"]
[Site "Imperia ITA"]
[Date "2009.09.04"]
[Round "7"]
[White "Payen, Arnaud"]
[Black "Lacrosse, Marc"]
[WhiteElo "2368"]
[BlackElo "2184"]
[Result "1/2-1/2"]
[PlyCount "73"]
[EventDate "2009.08.30"]

1. e4 e5 2. Nf3 Nc6 3. Bb5 a6 4. Ba4 Nf6 5. d4 exd4 6. O-O Be7 7. e5 Ne4 8.
Nxd4 O-O 9. c3 Nc5 10. Nxc6 dxc6 11. Bc2 Qxd1 12. Rxd1 Be6 13. Be3 Rad8 14.
Rxd8 Rxd8 15. Nd2 Nd3 16. Bxd3 Rxd3 17. Kf1 c5 18. h3 Kf8 19. Ke2 Rd8 20. g4
Ke8 21. f4 g6 22. a3 b6 23. Rf1 Bd5 24. c4 Bg2 25. Rg1 Bc6 26. f5 a5 27. Bh6
Bh4 28. Be3 Be7 29. Bf4 Rd4 30. Be3 Rd8 31. f6 Bf8 32. Rd1 a4 33. Bf4 Rd4 34.
Be3 Rd8 35. Bf4 Rd4 36. Be3 Rd8 37. Bf4 1/2-1/2

[Event "LI Festival A"]
[Site "Imperia ITA"]
[Date "2009.09.04"]
[Round "7"]
[White "Quirico, Paolo"]
[Black "Dittmar, Peter"]
[WhiteElo "2095"]
[BlackElo "2357"]
[Result "1/2-1/2"]
[PlyCount "60"]
[EventDate "2009.08.30"]

1. d4 d5 2. Bf4 c5 3. e3 cxd4 4. exd4 Nc6 5. c3 Nf6 6. Bd3 Bg4 7. Qb3 Qd7 8.
Nd2 e6 9. Ngf3 Bxf3 10. Nxf3 Nh5 11. Be3 Bd6 12. g3 O-O 13. Qc2 f5 14. Nh4 Rac8
15. Qe2 Qf7 16. Ng2 Rce8 17. f4 Nf6 18. Nh4 Ne4 19. Nf3 Qc7 20. O-O Rc8 21. Ne5
Nxe5 22. fxe5 Be7 23. Kh1 Kh8 24. Rac1 Qd7 25. Bb5 Qd8 26. Bd3 Qe8 27. Rc2 g5
28. c4 Qg6 29. cxd5 exd5 30. Rxc8 Rxc8 1/2-1/2

[Event "LI Festival A"]
[Site "Imperia ITA"]
[Date "2009.09.04"]
[Round "7"]
[White "Remille, Tristan"]
[Black "Parodi, Alessandro"]
[WhiteElo "2204"]
[BlackElo "2093"]
[Result "1-0"]
[PlyCount "59"]
[EventDate "2009.08.30"]

1. e4 d6 2. d4 Nf6 3. Nc3 g6 4. f4 Bg7 5. Nf3 O-O 6. Bd3 Na6 7. h3 c5 8. d5 Qa5
9. Nd2 Nh5 10. O-O Bxc3 11. bxc3 Qxc3 12. Rb1 b5 13. Bb2 Qa5 14. Nb3 Qb6 15. c4
Nb4 16. f5 Nxd3 17. Qxd3 bxc4 18. Qc3 f6 19. Nd2 Qb4 20. Qe3 Ng3 21. Bc3 Nxf1
22. Rxf1 Qa4 23. fxg6 hxg6 24. Qh6 Qe8 25. Rf3 g5 26. Rg3 e5 27. dxe6 Qxe6 28.
Qg6+ Kh8 29. Bxf6+ Rxf6 30. Qxg5 1-0

[Event "LI Festival A"]
[Site "Imperia ITA"]
[Date "2009.09.04"]
[Round "7"]
[White "Reznicek, Tomas"]
[Black "Cugini, Verter"]
[WhiteElo "2272"]
[BlackElo "2149"]
[Result "1-0"]
[PlyCount "120"]
[EventDate "2009.08.30"]

1. e4 e6 2. d4 d5 3. Nd2 Nf6 4. e5 Ne4 5. c3 c5 6. Bd3 Nxd2 7. Qxd2 cxd4 8.
cxd4 Nc6 9. Qe3 Bb4+ 10. Kf1 Bd7 11. Ne2 Qh4 12. Qg3 Qxg3 13. hxg3 Na5 14. f3
a6 15. Be3 Nc4 16. Bc1 Bb5 17. Kf2 h6 18. Nc3 Bxc3 19. bxc3 Nb6 20. Bc2 Rc8 21.
Bd2 Nc4 22. Be1 Na3 23. Bd1 O-O 24. g4 Bd3 25. Rc1 Rc6 26. Ke3 Bg6 27. Be2 Rfc8
28. Bd3 Bxd3 29. Kxd3 Rb6 30. g5 hxg5 31. Bd2 g4 32. Rh4 Rb1 33. Rxg4 Kf8 34.
Rh4 Ke7 35. Rh7 Rxc1 36. Bxc1 Nb5 37. Bd2 Rg8 38. a4 Nc7 39. g4 f6 40. exf6+
Kxf6 41. Bf4 Na8 42. Rh2 Rf8 43. Rb2 b6 44. Bd6 Rc8 45. a5 b5 46. f4 Nc7 47.
Rh2 Ne8 48. Bb4 Kf7 49. Rh8 Nd6 50. Rxc8 Nxc8 51. Bc5 Ne7 52. Bxe7 Kxe7 53. Ke3
Kf6 54. Kf3 Kg6 55. Kg2 Kf6 56. Kh3 Kg6 57. Kh4 Kf6 58. Kh5 Kf7 59. g5 Ke7 60.
Kg6 Kf8 1-0

[Event "LI Festival A"]
[Site "Imperia ITA"]
[Date "2009.09.04"]
[Round "7"]
[White "Sanchez, Joseph"]
[Black "Chatalbashev, Boris"]
[WhiteElo "2491"]
[BlackElo "2548"]
[Result "1/2-1/2"]
[PlyCount "32"]
[EventDate "2009.08.30"]

1. e4 g6 2. d4 Bg7 3. Nc3 d6 4. Be3 a6 5. Qd2 Nd7 6. h4 h5 7. Nh3 b5 8. Ng5 Nb6
9. Bd3 e6 10. f3 Nf6 11. O-O-O Qe7 12. Bf2 Rb8 13. Rhe1 Na4 14. Nxa4 bxa4 15.
c4 Ng8 16. f4 Nf6 1/2-1/2

[Event "LI Festival A"]
[Site "Imperia ITA"]
[Date "2009.09.04"]
[Round "7"]
[White "Schaefer, Michael"]
[Black "Molina, Fabrizio"]
[WhiteElo "2157"]
[BlackElo "2245"]
[Result "1/2-1/2"]
[PlyCount "126"]
[EventDate "2009.08.30"]

1. c4 c6 2. d4 d5 3. Nc3 dxc4 4. Nf3 Nf6 5. g3 e6 6. Bg2 Nbd7 7. a4 Bb4 8. O-O
O-O 9. Qc2 a5 10. Rd1 Qe7 11. e4 e5 12. d5 Nc5 13. Nd2 cxd5 14. exd5 Bg4 15.
Rf1 Rac8 16. Nxc4 Ncd7 17. Ne3 Nb6 18. Nxg4 Nxg4 19. Qf5 Rc4 20. Ne4 Qd7 21.
Qxd7 Nxd7 22. Rd1 Rd8 23. h3 Ngf6 24. Bg5 h6 25. Nxf6+ Nxf6 26. Be3 Rc2 27. b3
Rd6 28. Rac1 Rxc1 29. Bxc1 g5 30. Bb2 Nd7 31. Rc1 Bc5 32. Bxe5 Bxf2+ 33. Kxf2
Nxe5 34. Ke3 b6 35. Ke4 f6 36. Rc7 Rd7 37. Rc3 Kf7 38. Bf1 Ke7 39. Bb5 Ra7 40.
Rc8 Nf7 41. Kd4 Nd6 42. Rh8 Rc7 43. Bd3 Rc8 44. Rh7+ Kf8 45. Rxh6 Ne8 46. h4
gxh4 47. gxh4 Rc1 48. d6 Nxd6 49. Rxf6+ Ke7 50. Rf1 Rxf1 51. Bxf1 Nf5+ 52. Kd5
Ne3+ 53. Kc6 Nxf1 54. Kxb6 Nd2 55. Kxa5 Nxb3+ 56. Kb4 Nd4 57. Kc4 Nc6 58. Kc5
Na5 59. Kb4 Nc6+ 60. Kb5 Nd4+ 61. Kc5 Nb3+ 62. Kd5 Kf6 63. Ke4 Nc5+ 1/2-1/2

[Event "LI Festival A"]
[Site "Imperia ITA"]
[Date "2009.09.04"]
[Round "7"]
[White "Spinelli, Doriano"]
[Black "Dubois, Martine"]
[WhiteElo "2115"]
[BlackElo "2001"]
[Result "1-0"]
[PlyCount "119"]
[EventDate "2009.08.30"]

1. e4 d5 2. exd5 Qxd5 3. Nc3 Qd6 4. g3 Nf6 5. Bg2 Nc6 6. Nge2 e5 7. d3 Be7 8.
Bg5 Be6 9. Bxf6 gxf6 10. a3 f5 11. f4 O-O-O 12. fxe5 Nxe5 13. Nf4 c6 14. Qe2
Bg5 15. Nxe6 fxe6 16. O-O Rde8 17. Rae1 Ng4 18. Nd1 h5 19. Bf3 h4 20. Bxg4 fxg4
21. Qe5 Qd5 22. Nc3 Qd8 23. Ne4 Be7 24. Qxe6+ Kb8 25. Qe5+ Ka8 26. Nf6 Bxf6 27.
Qxf6 hxg3 28. Qxd8+ Rxd8 29. hxg3 Rh3 30. Kg2 Rdh8 31. Rh1 Rxh1 32. Rxh1 Rd8
33. Rh4 Kb8 34. Kf2 Rf8+ 35. Ke2 Re8+ 36. Kd2 Rg8 37. d4 Kc7 38. Kd3 Kd6 39. c4
Ke6 40. Rh6+ Kf5 41. Rh7 Rb8 42. b4 a6 43. d5 cxd5 44. cxd5 Ke5 45. Rh5+ Kf6
46. Kd4 b6 47. Re5 a5 48. Re6+ Kf5 49. Re4 Rd8 50. Rf4+ Kg5 51. bxa5 bxa5 52.
Kc5 Rc8+ 53. Kb6 Rc3 54. Rd4 Rxg3 55. d6 Rb3+ 56. Ka7 Rf3 57. d7 Rf7 58. Kb8
Rxd7 59. Rxd7 g3 60. Ra7 1-0

[Event "LI Festival A"]
[Site "Imperia ITA"]
[Date "2009.09.05"]
[Round "8"]
[White "Cugini, Verter"]
[Black "Fattorelli, Luciano"]
[WhiteElo "2149"]
[BlackElo "2030"]
[Result "1-0"]
[PlyCount "97"]
[EventDate "2009.08.30"]

1. e4 c5 2. g3 Nc6 3. Bg2 g6 4. Ne2 Bg7 5. O-O e6 6. Nbc3 Nge7 7. Nf4 Rb8 8. a4
a6 9. b3 b5 10. axb5 axb5 11. Bb2 O-O 12. Qb1 d6 13. Re1 Qb6 14. Nd1 Nd4 15.
Ne3 Bd7 16. Bc3 Nec6 17. Nd3 Ra8 18. Rxa8 Rxa8 19. Kf1 Ra7 20. Bb2 Qa5 21. Rd1
Qc7 22. Nc1 Na5 23. Kg1 c4 24. b4 Nb7 25. Bxd4 Bxd4 26. c3 Bg7 27. Ne2 Qb6 28.
h4 Nd8 29. d4 cxd3 30. Qxd3 Nb7 31. Nd4 Kf8 32. Ndc2 Qc7 33. Nd4 Qb6 34. g4 Ra8
35. h5 Rc8 36. Bf3 Be5 37. Kg2 Ke7 38. Ra1 Rb8 39. hxg6 hxg6 40. Be2 Bxd4 41.
cxd4 Nd8 42. d5 e5 43. g5 Nb7 44. Kg3 Rh8 45. Bg4 Qd8 46. Ra7 Bxg4 47. Nxg4 Qd7
48. Qf3 Rb8 49. Qf6+ 1-0

[Event "LI Festival A"]
[Site "Imperia ITA"]
[Date "2009.09.05"]
[Round "8"]
[White "Del Dotto, Riccardo"]
[Black "Gioseffi, Massimiliano"]
[WhiteElo "2175"]
[BlackElo "2110"]
[Result "1-0"]
[PlyCount "101"]
[EventDate "2009.08.30"]

1. e4 c5 2. Nc3 e6 3. Nge2 d6 4. g3 Nc6 5. Bg2 a6 6. O-O g6 7. d3 Bg7 8. Be3
Nge7 9. Qd2 Nd4 10. Nc1 O-O 11. Nd1 Re8 12. c3 Ndc6 13. Ne2 Rb8 14. h3 b6 15.
d4 cxd4 16. Nxd4 Na5 17. Bh6 e5 18. Bxg7 Kxg7 19. Nc2 Nc4 20. Qd3 b5 21. b3 Nb6
22. Nde3 Qc7 23. Rad1 Rd8 24. f4 Bb7 25. f5 f6 26. fxg6 hxg6 27. Ng4 Ng8 28.
Nce3 Rbc8 29. Rc1 Qc5 30. b4 Qc7 31. h4 Nc4 32. h5 Nxe3 33. Qxe3 Qe7 34. hxg6
Kxg6 35. Qf3 Rc4 36. Qf5+ Kg7 37. Ne3 Bc8 38. Qh5 Rc6 39. Rf2 Qf7 40. Qh4 Ne7
41. Kf1 Ng8 42. Nd5 Rf8 43. Bh3 Qg6 44. Bf5 Qh6 45. Qg4+ Qg5 46. Qh3 Qh6 47.
Bxc8 Rcxc8 48. Rcc2 Kg6 49. Rh2 Qg7 50. Qf5+ Kf7 51. Rh7 1-0

[Event "LI Festival A"]
[Site "Imperia ITA"]
[Date "2009.09.05"]
[Round "8"]
[White "Di Paolo, Raffaele"]
[Black "Dolezal, Radoslav jr"]
[WhiteElo "2318"]
[BlackElo "2396"]
[Result "0-1"]
[PlyCount "73"]
[EventDate "2009.08.30"]

1. e4 c6 2. d4 d5 3. Nc3 dxe4 4. Nxe4 Nd7 5. Ng5 Ngf6 6. Bd3 e6 7. N1f3 h6 8.
Nxe6 Qe7 9. O-O fxe6 10. Bg6+ Kd8 11. c4 Qd6 12. g3 Qc7 13. Re1 Bb4 14. Bf4 Bd6
15. Ne5 Bxe5 16. dxe5 Nh7 17. Qh5 Qa5 18. Bxh7 Rxh7 19. Qf7 Qb4 20. Rad1 Kc7
21. Qxe6 g5 22. Qg6 Nf8 23. Qd6+ Qxd6 24. exd6+ Kd8 25. Be5 Be6 26. b3 Kd7 27.
a4 c5 28. a5 Rf7 29. Bc3 Rc8 30. Re3 Rc6 31. Red3 Bf5 32. Rd5 Bg4 33. R1d2 Bf3
34. R5d3 Ng6 35. h3 h5 36. Kh2 h4 37. Bb2 0-1

[Event "LI Festival A"]
[Site "Imperia ITA"]
[Date "2009.09.05"]
[Round "8"]
[White "Dittmar, Peter"]
[Black "Lacrosse, Marc"]
[WhiteElo "2357"]
[BlackElo "2184"]
[Result "1/2-1/2"]
[PlyCount "69"]
[EventDate "2009.08.30"]

1. c4 e6 2. g3 Nf6 3. Bg2 d5 4. Nf3 Be7 5. O-O O-O 6. d4 dxc4 7. Qc2 a6 8. a4
Nc6 9. Qxc4 Qd5 10. Nbd2 Rd8 11. e3 Qxc4 12. Nxc4 a5 13. b3 Bd7 14. Ba3 Bxa3
15. Rxa3 Kf8 16. Rc1 Nb4 17. Nfe5 Ra7 18. Raa1 Be8 19. Na3 c6 20. Nac4 Ke7 21.
Nb2 Nfd5 22. Ned3 Nxd3 23. Nxd3 f6 24. Be4 Bg6 25. Bxg6 hxg6 26. h4 Ra6 27. Nc5
Ra7 28. Kg2 Nb4 29. Rc4 f5 30. Rd1 e5 31. Nd3 Nxd3 32. Rxd3 exd4 33. Rcxd4 Rxd4
34. Rxd4 Ra6 35. Kf3 1/2-1/2

[Event "LI Festival A"]
[Site "Imperia ITA"]
[Date "2009.09.05"]
[Round "8"]
[White "Friedrich, Norbert"]
[Black "Gras, Guillaume"]
[WhiteElo "2350"]
[BlackElo "2053"]
[Result "0-1"]
[PlyCount "92"]
[EventDate "2009.08.30"]

1. e4 Nf6 2. e5 Nd5 3. c4 Nb6 4. d4 d6 5. exd6 cxd6 6. Nc3 g6 7. Be3 Bg7 8. Rc1
O-O 9. b3 f5 10. d5 e5 11. dxe6 Bxe6 12. Nh3 Nc6 13. Be2 h6 14. Nf4 Bf7 15.
Nfd5 Nxd5 16. Nxd5 Qa5+ 17. Qd2 Qxd2+ 18. Bxd2 Rfe8 19. Kd1 Bxd5 20. cxd5 Nd4
21. Bd3 a5 22. Rc7 Bf6 23. Rxb7 a4 24. b4 Reb8 25. Rxb8+ Rxb8 26. Re1 a3 27.
Bc3 Kf7 28. Re3 Nb5 29. Bxf6 Kxf6 30. Re6+ Kg5 31. h4+ Kf4 32. Kd2 Nc7 33. Rxg6
Rxb4 34. Rxd6 Rb2+ 35. Bc2 Ke5 36. Rc6 Nxd5 37. Rc5 Kd4 38. Rc8 Nb4 39. Rd8+
Ke5 40. Rc8 Rxa2 41. Rc5+ Kd4 42. Rc8 Rxc2+ 43. Rxc2 Nxc2 44. Kxc2 Kc4 45. g3
h5 46. f3 Kd4 0-1

[Event "LI Festival A"]
[Site "Imperia ITA"]
[Date "2009.09.05"]
[Round "8"]
[White "Jurek, Josef"]
[Black "Arlandi, Ennio"]
[WhiteElo "2353"]
[BlackElo "2426"]
[Result "1/2-1/2"]
[PlyCount "73"]
[EventDate "2009.08.30"]

1. d4 Nf6 2. Nf3 g6 3. c4 Bg7 4. g3 c6 5. Bg2 O-O 6. Nc3 d5 7. cxd5 cxd5 8. Ne5
e6 9. Bg5 Qb6 10. Qd2 Nfd7 11. Be3 Nc6 12. Nxc6 bxc6 13. Rc1 a5 14. b3 Ba6 15.
O-O Rfc8 16. Rfd1 Bf8 17. Bh6 Ba3 18. Rc2 Bb5 19. e4 Qb7 20. h4 Nf6 21. Bf3 a4
22. Qf4 Ne8 23. Kg2 axb3 24. axb3 Ba6 25. Qd2 Bb4 26. Qe3 Bb5 27. h5 Ra3 28.
Rb1 Rca8 29. Nxb5 Qxb5 30. Be2 Qb7 31. e5 Ra1 32. Rbc1 Rxc1 33. Qxc1 Ba3 34.
Qe3 Rb8 35. hxg6 hxg6 36. Bg5 Bf8 37. Qc3 1/2-1/2

[Event "LI Festival A"]
[Site "Imperia ITA"]
[Date "2009.09.05"]
[Round "8"]
[White "Malano, Francesco"]
[Black "Holecek, Vladimir"]
[WhiteElo "1900"]
[BlackElo "2073"]
[Result "0-1"]
[PlyCount "56"]
[EventDate "2009.08.30"]

1. d4 d5 2. e3 Nf6 3. Nf3 c6 4. Bd3 Nbd7 5. b3 e6 6. O-O Bd6 7. Bb2 Qc7 8. Nbd2
e5 9. dxe5 Nxe5 10. Nxe5 Bxe5 11. Bxe5 Qxe5 12. Nf3 Qe7 13. h3 O-O 14. c3 Ne4
15. Qc2 f5 16. Rfe1 Rf6 17. Nd2 Rg6 18. f4 Qh4 19. Nf3 Qxh3 20. Bxe4 fxe4 21.
Ne5 Rg3 22. Rad1 Qh4 23. a4 Be6 24. Qf2 Rf8 25. Rd2 Rf5 26. Kf1 g5 27. Qg1 gxf4
28. exf4 Qxf4+ 0-1